Phê bình, bình luận văn học Nam Cao, Vũ Trọng Phụng
Gorde:
| Formatua: | Liburua |
|---|---|
| Hizkuntza: | Undetermined |
| Argitaratua: |
Tp.HCM
Văn nghệ Tp. HCM
1994
|
| Gaiak: | |
| Etiketak: |
Etiketa erantsi
Etiketarik gabe, Izan zaitez lehena erregistro honi etiketa jartzen!
|
| Thư viện lưu trữ: | Trung tâm Học liệu Trường Đại học Cần Thơ |
|---|
| LEADER | 00521nam a2200181Ia 4500 | ||
|---|---|---|---|
| 001 | CTU_114 | ||
| 008 | 210402s9999 xx 000 0 und d | ||
| 082 | |a 809 | ||
| 082 | |b Ph250b/T23 | ||
| 245 | 0 | |a Phê bình, bình luận văn học | |
| 245 | 0 | |b Nam Cao, Vũ Trọng Phụng | |
| 260 | |a Tp.HCM | ||
| 260 | |b Văn nghệ Tp. HCM | ||
| 260 | |c 1994 | ||
| 650 | |a vietnamese literature | ||
| 650 | |x history and criticism | ||
| 650 | |y 20th century | ||
| 980 | |a Trung tâm Học liệu Trường Đại học Cần Thơ | ||